<?xml version="1.0" encoding="UTF-8"?>
<collection xmlns="http://www.loc.gov/MARC21/slim">
 <record>
  <leader>00746nam a2200205  r4500</leader>
  <controlfield tag="001">1/50602</controlfield>
  <controlfield tag="008">051206s1989    lu  u pdd     0    0gre  </controlfield>
  <datafield tag="024" ind1="0" ind2=" ">
   <subfield code="a">II/86/89-EN</subfield>
  </datafield>
  <datafield tag="035" ind1=" " ind2=" ">
   <subfield code="l">30949</subfield>
  </datafield>
  <datafield tag="040" ind1=" " ind2=" ">
   <subfield code="a">GR-PeUP</subfield>
  </datafield>
  <datafield tag="041" ind1="0" ind2=" ">
   <subfield code="a">eng</subfield>
  </datafield>
  <datafield tag="099" ind1=" " ind2="0">
   <subfield code="a">ΚΕΤ Αλφαβητική σειρά</subfield>
  </datafield>
  <datafield tag="100" ind1="1" ind2=" ">
   <subfield code="a">Giavazzi, Francesco.</subfield>
  </datafield>
  <datafield tag="245" ind1="1" ind2="4">
   <subfield code="a">The exchange-rate question in Europe</subfield>
  </datafield>
  <datafield tag="260" ind1=" " ind2=" ">
   <subfield code="a">Brussels ;</subfield>
   <subfield code="a">Belgium :</subfield>
   <subfield code="b">European Commission: Directorate-General for Economic and Financial Affairs,</subfield>
   <subfield code="c">1989</subfield>
  </datafield>
  <datafield tag="300" ind1=" " ind2=" ">
   <subfield code="a">38σ. ;</subfield>
   <subfield code="c">30εκ.</subfield>
  </datafield>
  <datafield tag="500" ind1=" " ind2=" ">
   <subfield code="a">Direcorate-General for Economic and Financial Affairs</subfield>
  </datafield>
  <datafield tag="580" ind1=" " ind2=" ">
   <subfield code="a">Economic Papers</subfield>
  </datafield>
  <datafield tag="710" ind1="2" ind2=" ">
   <subfield code="a">European Commission : Directorate-General for Economic and Financial Affairs.</subfield>
  </datafield>
  <datafield tag="773" ind1="0" ind2=" ">
   <subfield code="a">Economic papers</subfield>
   <subfield code="g">January 1989, No 74</subfield>
  </datafield>
 </record>
</collection>
